Eksperimentaľnyje osnovy mechaniki deformirujemych tverdych tel. Časť 1 : Malyje deformacii /

Salvato in:
Dettagli Bibliografici
Autore principale: Bell, James Frederick (Autore)
Natura: Libro
Lingua:russo
Pubblicazione: Moskva : Nauka, 1984
Edizione:Perevod. s angl.
Soggetti:
Tags: Aggiungi Tag
Nessun Tag, puoi essere il primo ad aggiungerne!!

MARC

LEADER 00000nam a22000003a 4500
001 stu34664
005 20150617225733.8
008 920323s1984----xxr-----------------rus-d
040 |a STU  |b slo 
041 0 |a rus 
044 |a xxr 
080 |a 539.37/.38 
100 1 |a Bell, James Frederick  |4 aut 
245 1 |a Eksperimentaľnyje osnovy mechaniki deformirujemych tverdych tel. Časť 1 :  |b Malyje deformacii /  |c [aut.]James Frederik Bell; Z angl. kol 
250 |a Perevod. s angl. 
260 |a Moskva :  |b Nauka,  |c 1984 
300 |a 596 s 
650 7 |a deformácie  |2 stusub 
996 |b 284M061677  |c M*1867/1-1  |l MMKN  |s A  |a 24  |w stu34664_0001